|
|
|
|
| LEADER |
01329nam a2200325 a 4500 |
| 001 |
40490 |
| 003 |
BD-DhAAL |
| 005 |
20230307154236.0 |
| 008 |
230307t1994 ii ab b 001 0 eng d |
| 010 |
|
|
|a 94903182
|
| 020 |
|
|
|a 0670859095 :
|c Rs295.00
|
| 025 |
|
|
|a I-E-74084
|
| 040 |
|
|
|a DLC
|c DLC
|d BD-DhAAL
|
| 042 |
|
|
|a lcode
|
| 043 |
|
|
|a a-ii---
|
| 050 |
0 |
0 |
|a DS483.8
|b .H39 1994
|
| 082 |
0 |
0 |
|a 954.1
|2 20
|
| 100 |
1 |
|
|a Hazarika, Sanjoy,
|d 1954-
|9 53812
|
| 245 |
1 |
0 |
|a Strangers of the mist :
|b tales of war and peace from India's northeast /
|c Sanjoy Hazarika.
|
| 260 |
|
|
|a New Delhi :
|b Viking, Penguin Books India,
|c 1994.
|
| 300 |
|
|
|a xx, 387 pages :
|b illustrations, map ;
|c 23 cm.
|
| 504 |
|
|
|a Includes bibliographical references (pages 381-382) and index.
|
| 541 |
|
|
|a Donated By Akbar Ali Khan
|e 40490
|
| 651 |
|
0 |
|a India, Northeastern
|x History
|x Autonomy and independence movements.
|9 53813
|
| 651 |
|
0 |
|a India, Northeastern
|x Politics and government.
|9 53814
|
| 852 |
|
|
|a Ayesha Abed Library
|c Akbar Ali Khan Collection
|
| 942 |
|
|
|2 ddc
|c BK
|
| 955 |
|
|
|a wd20;05/24/94; yk06 02-27-95; yk10 02-27-95
|
| 999 |
|
|
|c 45573
|d 45573
|
| 952 |
|
|
|0 0
|1 0
|2 ddc
|4 0
|6 954_100000000000000_HAZ
|7 1
|9 73351
|a BRACUL
|b BRACUL
|c AAKC
|d 2023-03-07
|e Donated By Akbar Ali Khan
|g 378.00
|l 0
|o 954.1 HAZ
|p 3010040490
|r 2023-03-07
|t 1
|w 2023-03-07
|y BK
|x Rs 295.00
|